[Event "EU-ch 4th"]
[Site "Istanbul"]
[Date "2003.06.12"]
[Round "12"]
[White "Tregubov, Pavel V"]
[Black "Atalik, Suat"]
[Result "1/2-1/2"]
[WhiteElo "2632"]
[BlackElo "2568"]
[Annotator "Atalik,S"]
[PlyCount "120"]
[EventDate "2003.05.30"]
[EventType "swiss"]
[EventRounds "13"]
[EventCountry "TUR"]
[SourceTitle "CBM 096"]
[Source "ChessBase"]
[SourceDate "2003.09.25"]
[SourceVersion "1"]
[SourceVersionDate "2003.09.25"]
[SourceQuality "1"]

1. d4 Nf6 2. c4 e6 3. Nf3 d5 4. e3 $5 {Tregubov's new toy. This move is also
very popular against the Slav Defense.} Be7 {I have decided to play a Queen's
Indian.} 5. b3 {Now we will have a 4.e3 Queen's Indian. I had some experience
about it when I was a kid.} (5. Nc3 O-O 6. a3 b6 7. cxd5 exd5 8. b4 Bb7 9. Bd3
Nbd7 10. O-O Re8 $13) 5... O-O 6. Bb2 b6 7. Bd3 Bb7 8. O-O c5 9. Nbd2 {White
is loyal to the classical lines.} (9. cxd5 Qxd5 10. Nc3 Qh5 11. dxc5 Bxc5 12.
Qe2 Nbd7 13. e4 Rfd8 $11) 9... cxd4 10. exd4 Nc6 11. Rc1 Rc8 12. a3 {After
this I have to be careful with white's queenside expansion connected with c5
thrust.} Re8 13. Re1 g6 $5 {Strangely this move has been played even before
this encounter. During the game I have thought that this was my brainchild.}
14. c5 $6 {This collaborates with blacks plans.} (14. Nf1 dxc4 15. bxc4 Bf8 16.
Ne3 Bg7 $13) 14... a5 $1 {Black takes over the initiative in the game.} 15. Bb5
Nd7 16. b4 axb4 17. Bxc6 (17. axb4 $2 Nxb4 18. Ne5 Nxe5 19. Bxe8 Ned3 $19)
17... Bxc6 18. axb4 $15 {After losing the light squared bishop white does not
have much of a plan.} Bf6 $1 {Helping to push central pawns.} (18... Bb5 $6 19.
Nb1 Ra8 20. Nc3 Bc4 21. c6) 19. Ba1 {Misplaces the bishop.} (19. Ne5 Bxe5 20.
dxe5 Qh4 $40) (19. Bc3 $6 bxc5 20. dxc5 Rb8) 19... bxc5 (19... Rb8 $2 20. b5 $1
$18 {would be a scandal.}) 20. dxc5 e5 {Finally the center has got established
now it should be protected before the expansion.} 21. Nb3 d4 22. Na5 Qc7 $6 {
A little bit too timid.} (22... Bd5 23. Nc4 Rb8 24. Nd6 Re6 25. c6 (25. Rb1 Qc7
) 25... Rxd6 26. c7 Qf8 27. cxb8=Q Qxb8 28. Rb1 Qb7 $44) 23. Nd2 (23. Nxc6 Qxc6
24. Nd2 {transposes}) 23... Bg5 $1 {Black wants to play against Ba1.} 24. Nxc6
Qxc6 25. Rb1 Bxd2 26. Qxd2 Qd5 27. f4 f6 28. Qd3 Rb8 29. Rec1 Rec8 $1 {Now
both sides pawns are stopped.} 30. h3 (30. fxe5 fxe5 31. Qf3 Qc6 $1 32. Qxc6
Rxc6 33. Kf2 Kf7) 30... Rc6 31. fxe5 fxe5 32. Qf3 $4 {This looks like a
harakiri.} (32. Rf1 Rf6 $13) 32... Qxf3 33. gxf3 g5 $17 {Whites pawns are
blocked.} 34. Kf2 Kf7 35. Rg1 h6 36. Rge1 Rb5 37. Kg3 Kg6 (37... Re6 38. Rb2
Nb8 39. h4 Nc6 40. hxg5 hxg5 41. Kg4 Kg6 42. Rb3 Rf6 43. Bb2 $15) 38. h4 gxh4+
$2 {There is no need to break h6-g5 phalanx.} (38... Rf6 39. hxg5 hxg5 40. Kg4
Rc6 41. Rb2 Nf6+ 42. Kg3 Kf5 $19) 39. Kxh4 Kf5 40. Kg3 $2 $138 {Being low on
time Pasha plays a second rate move.} (40. f4 Kxf4 41. Rb2 Kf5 (41... Kf3 {
was my intention.} 42. Rb3+ Kf2 43. Rxe5 $1 Nxe5 44. Bxd4+ Ke2 45. Bxe5 $11 {
was what I have missed.}) 42. Rf2+ Ke6 43. Bxd4 Rxb4 44. Rf4 $11) 40... Nf6 41.
Rh1 h5 42. Kf2 Rc8 43. Ke2 Rcb8 44. c6 (44. Kd3 Rxb4 45. Rxb4 Rxb4 46. c6 {
was a better way to do it.}) 44... Rxb4 $2 (44... Rc8 45. Rhc1 Nd5 $19) 45.
Rxb4 Rxb4 46. Kd3 Rb8 (46... Rb6 47. Rc1 Rb8 48. Rc5 Kf4 49. Bb2 Rc8 50. Bc1+
Kxf3 51. Rxe5 Rxc6 52. Rf5+ $11) 47. Kc4 Rh8 $2 {A typical time trouble move.}
(47... Kf4 48. Kc5 (48. Rh3 Rb1) 48... Ra8 49. Kd6 (49. Bb2 Ra2 $19) 49... Ne8+
50. Kd7 Kxf3 51. Ke6 (51. Rxh5 $2 Nf6+) 51... Ra5 52. Ke7 Nc7 53. Kd6 Na8 54.
Bb2 Rb5) 48. Bb2 Ne8 $2 {Carried away} (48... h4 49. Rh3 Ne8 50. Bc1 Nc7 51.
Bd2 Ne6 52. Be1 Rc8 53. Kb5 Ng5 $19) 49. Ba3 Kf4 $4 {Penetration does not
always count as we all know!} (49... h4 50. Rh3 Rh6 51. Kd5 Nc7+ 52. Kc5 Ne6+
53. Kb5 Rh7 $19) 50. Rh3 Ke3 51. Kd5 d3 52. f4+ $11 (52. Bc1+ d2 53. f4+ Ke2
54. Rh2+ Kf3 55. Bxd2 exf4 56. Rh4 $11) 52... Kxf4 53. Bc1+ Kg4 54. Rxd3 h4 55.
Kxe5 h3 56. Rd4+ $1 $11 {Now it is a dead draw!} Kf3 57. Rd3+ Kg4 (57... Ke2 $6
58. Rd2+ Ke1 59. Rh2 {and only white can try!}) 58. Rd4+ Kf3 59. Rd3+ Kg4 60.
Rd4+ Kf3 1/2-1/2

[Event "Mitropa Cup 21st"]
[Site "Leipzig"]
[Date "2002.05.06"]
[Round "4.2"]
[White "Plachetka, Jan"]
[Black "Berkes, Ferenc"]
[Result "0-1"]
[WhiteElo "2441"]
[BlackElo "2511"]
[Annotator "Atlas,V"]
[PlyCount "58"]
[EventDate "2002.05.03"]
[EventType "team-tourn"]
[EventRounds "9"]
[EventCountry "GER"]
[SourceTitle "CBM 089"]
[Source "ChessBase"]
[SourceDate "2002.08.12"]
[SourceVersion "1"]
[SourceVersionDate "2002.08.12"]
[SourceQuality "1"]
[WhiteTeam "Slovakia"]
[BlackTeam "Hungary"]
[WhiteTeamCountry "SVK"]
[BlackTeamCountry "HUN"]

1. d4 Nf6 2. Nf3 e6 3. c4 b6 4. e3 Bb7 5. Bd3 c5 6. O-O Be7 7. Nc3 h6 8. Bc2
cxd4 9. exd4 d6 10. d5 e5 11. Ba4+ Nfd7 12. b4 O-O 13. Re1 Qc8 14. Qe2 a5 15.
a3 axb4 16. axb4 b5 17. Nxb5 Nb6 18. Nc3 Qxc4 19. Qxc4 Nxc4 20. Rb1 Rc8 21. Bb3
Nd7 22. Nd4 exd4 23. Rxe7 dxc3 24. Rxd7 Bxd5 25. Bf4 Be6 26. Rb7 g5 27. Be3 c2
$1 {Certainly the most convincing and elegant way to conclude the game.} 28.
Rc1 (28. Bxc2 {falls short of} Nxe3) 28... Nxe3 $1 {Eliminating a key defender
of the c1-square.} 29. Bxe6 {[%tqu "En","How can Black finish the game
victoriously?","Exploit the weakness of White's back rank and energy of your
advanced pawn!","Try to deflect the c1-rook.","a8a1","This spectacular blow
crowns Black's superb tactical play.",5]} Ra1 $1 {[%csl Rc1,Rg1][%cal Gc8c1] A
terrific blow, dissolving White's last illusions.} (29... Ra1 {White resigned
in view of the line} 30. Rxa1 (30. fxe3 Rxc1+ 31. Kf2 Rf1+) 30... c1=Q+ 31.
Rxc1 Rxc1#) 0-1

[Event "Wotulo Memorial"]
[Site "Jakarta"]
[Date "2001.03.23"]
[Round "1"]
[White "Sharavdorj, Dashzeveg"]
[Black "Juswanto, Denny"]
[Result "0-1"]
[WhiteElo "2441"]
[BlackElo "2487"]
[Annotator "Atlas,V"]
[PlyCount "128"]
[EventDate "2001.03.23"]
[EventType "tourn"]
[EventRounds "13"]
[EventCountry "INA"]
[EventCategory "8"]
[SourceTitle "CBM 083"]
[Source "ChessBase"]
[SourceDate "2001.07.05"]
[SourceVersion "1"]
[SourceVersionDate "2001.07.05"]
[SourceQuality "1"]

1. d4 Nf6 2. c4 e6 3. Nf3 Bb4+ 4. Nbd2 b6 5. a3 Bxd2+ 6. Qxd2 Bb7 7. e3 O-O 8.
Be2 d6 9. O-O Nbd7 10. b4 Ne4 11. Qc2 f5 12. Bb2 Qe8 13. Rad1 a5 14. d5 e5 15.
Bd3 Ndf6 16. Nh4 g6 17. f3 Ng5 18. f4 Nf7 19. Nf3 axb4 20. axb4 Qe7 21. e4 fxe4
22. Bxe4 Ra2 23. Bd3 Bc8 24. Qb1 Ra4 25. Bc3 Bg4 26. Rde1 Bxf3 27. Rxf3 Kg7 28.
Qb2 Nd7 29. Ref1 Rfa8 30. f5 Nh6 31. Rg3 g5 32. Bd2 Nf7 33. h4 g4 34. Rxg4+ Kh8
35. Bg5 Nf6 36. Rf3 Rg8 37. Rfg3 Nh6 38. Bxf6+ Qxf6 39. Rg5 Rf8 40. Be4 Ng8 41.
Qd2 Qe7 42. h5 Nf6 43. Qe3 Ra1+ 44. Kh2 Rd1 45. Bd3 Ra8 46. Be2 Rd4 47. h6 Rh4+
48. Rh3 Re4 49. Qd2 Rg8 50. Rxg8+ Nxg8 51. g4 Rf4 52. Qe3 Qf8 53. Qg3 Nf6 54.
g5 Ne4 55. g6 Qxf5 56. g7+ Kg8 57. Qa3 Rf2+ 58. Kh1 (58. Kg1 {is strongly met
by} Qg6+ 59. Rg3 Qxg3+ 60. Qxg3 Nxg3 61. Kxf2 Nf5 {, with a winning ending for
Black.}) {[%tqu "En","Both kings are not safe, but Black can strike first.
How?","White has create a deadly threat 59.Qa8+, so you need to do something
about it...","Sacrifice your knight in order not to lose momentum in the
attack.","e4g3","Very neat. This spectacular sacrifice spells an end for Black.
",6]} 58... Ng3+ $1 59. Rxg3 ({After} 59. Qxg3 Rxe2 {White is defenseless.})
59... Qb1+ {[%csl Rh1][%cal Gf2h2,Gb1h1]} 60. Bf1 ({Or} 60. Rg1 Qe4+ 61. Bf3
Qh4#) 60... Rxf1+ 61. Kg2 (61. Kh2 Rh1+ 62. Kg2 Qf1#) 61... Rg1+ 62. Kf3 Qf5+
63. Ke2 Qf1+ 64. Kd2 Qf2+ 0-1

[Event "Bundesliga 0405"]
[Site "Germany"]
[Date "2004.12.11"]
[Round "5.6"]
[White "Miltner, Arndt"]
[Black "Kalinitschew, Sergey"]
[Result "0-1"]
[WhiteElo "2402"]
[BlackElo "2533"]
[Annotator "Atlas,V"]
[PlyCount "78"]
[EventDate "2004.11.12"]
[EventType "team-tourn"]
[EventRounds "15"]
[EventCountry "GER"]
[SourceTitle "CBM 105"]
[Source "ChessBase"]
[SourceDate "2005.04.11"]
[SourceVersion "1"]
[SourceVersionDate "2005.04.11"]
[SourceQuality "1"]
[WhiteTeam "Eppingen"]
[BlackTeam "Kreuzberg"]
[WhiteTeamCountry "GER"]
[BlackTeamCountry "GER"]

1. d4 Nf6 2. Nf3 e6 3. e3 b6 4. Bd3 Bb7 5. O-O c5 6. c4 g6 7. Nc3 Bg7 8. e4
cxd4 9. Nxd4 d6 10. f4 Nbd7 11. Qe2 O-O 12. Nf3 a6 13. Bd2 Rc8 14. Rae1 Qc7 15.
Kh1 Rfd8 16. Ng5 h6 17. Nh3 Nc5 18. Bb1 d5 19. cxd5 exd5 20. e5 Nfe4 21. Nf2 a5
22. Nfxe4 dxe4 23. Rf2 Nd3 24. Bxd3 exd3 25. Qg4 Re8 26. f5 $2 ({Better was
Besser war} 26. h4 {, although Black keeps the better chances anyway. After
the text move Black gets a very dangerous initiative. , obwohl Schwarz auch
dann die besseren Chancen behält. Der Textzug überlässt dem Nachziehenden eine
brandgefährliche Initiative.}) 26... Rxe5 27. Rxe5 h5 28. Qh3 Qxe5 29. fxg6
fxg6 30. Qxd3 Qd4 31. Qe2 Qd7 32. Bg5 Re8 33. Qc4+ Kh7 34. Qf1 Qg4 35. h4 $4 ({
After this mistake, White's position is defenseless. Correct was Nach diesem
Fehler bricht die weiße Stellung zusammen. Korrekt war} 35. Bd2) 35... Qh3+ $1
{The most convincing way to the victory. Der überzeugenste Weg zum Sieg.} 36.
Kg1 {[%tqu "En","How can Black use his two powerful bishops and the disharmony
in the placement of White's pieces?","Try to expose the enemy king even
further.","Sacrifice your bishop!","b7g2","A nice conclusion of Black's attack.
",4,"h3g3","is met by",0,"De","Wie kann Schwarz seine zwei machtvollen Läufer
und die Disharmonie in der weißen Figurenstellung ausnutzen?","Versuchen Sie,
den feindlichen König noch mehr zu entblößen.","Opfern Sie Ihren Läufer!",
"b7g2","Ein hübscher Abschluss des schwarzen Angriffs.",4,"h3g3","is met by",0]
} Bxg2 $1 {[%csl Ge8,Rf1,Rf2,Rg1,Gg2,Gg7,Gh3][%cal Gg7d4,Ge8e1]} ({The
decisive blow! Der Entscheidungsschlag! Nach} 36... Qg3 {is met by} 37. Ne2 {
, and Black still needs to overcome some difficulties. dagegen müsste Schwarz
noch einige Schwierigkeiten überwinden.}) 37. Rxg2 (37. Qxg2 {loses to
verliert wegen} Re1+ 38. Rf1 Bd4+) 37... Bd4+ 38. Rf2 Qg3+ 39. Kh1 ({Or Oder} 
39. Qg2 Re1#) 39... Bxf2 0-1

[Event "Guillermo Garcia Memorial-A 06th"]
[Site "Santa Clara"]
[Date "1998.06.02"]
[Round "8"]
[White "Vasquez Schroder, Rodrigo Rafael"]
[Black "Pecorelli Garcia, Humberto"]
[Result "1/2-1/2"]
[WhiteElo "2485"]
[BlackElo "2465"]
[Annotator "Avrukh,B"]
[PlyCount "105"]
[EventDate "1998.05.24"]
[EventType "tourn"]
[EventRounds "13"]
[EventCountry "CUB"]
[EventCategory "9"]
[SourceTitle "CBM 066"]
[Source "ChessBase"]
[SourceDate "1998.09.30"]
[SourceVersion "1"]
[SourceVersionDate "1998.09.30"]
[SourceQuality "1"]

1. d4 Nf6 2. c4 e6 3. Nf3 b6 4. e3 Bb7 5. Bd3 d5 6. b3 Bb4+ 7. Bd2 (7. Nbd2 $5
Ne4 (7... c5 $5 8. Bb2 cxd4 9. exd4 Nc6 10. O-O O-O 11. Qe2 Rc8 12. Rfd1 Qe7
$132 {Giacomini,H-Komarov,D/FrTCh, Montpellier FRA 1998 (51)}) 8. O-O Nd7 9.
cxd5 exd5 10. Qc2 f5 11. Bb2 O-O 12. Rac1 Rc8 $13 {Volman,H-Shachar,E/
Maccabiah op 1993 (39)}) 7... Bd6 8. Nc3 Nbd7 9. Rc1 (9. Qe2 Ne4 10. cxd5 exd5
11. Ba6 $6 Qc8 12. Bxb7 Qxb7 13. O-O O-O 14. Rfc1 a6 $15 {Schiffer,K-Tunik,G/
Groningen op 1995 (36)}) 9... a6 10. Qc2 c5 ({Deserved attention} 10... dxc4 $5
11. bxc4 O-O 12. e4 (12. O-O Bxf3 $5 13. gxf3 c5 $132) 12... e5 13. d5 Nc5 14.
Be2 Nh5 15. O-O Qe7 16. Rfe1 Nf4 17. Bf1 Ng6 $13 {with unclear position.}) 11.
cxd5 exd5 12. O-O O-O 13. dxc5 bxc5 14. e4 $6 (14. Rfd1 Re8 15. Na4 Rb8 16. Bc3
Ne4 17. Bb2 Ndf6 $10) 14... d4 15. Na4 (15. Nd5 $6 h6 $1 16. Bc4 Nxd5 17. exd5
Nf6 18. b4 $8 (18. Qf5 $2 Bxd5 19. Bxd5 Nxd5 20. Qxd5 Bxh2+) 18... cxb4 19.
Nxd4 Bxd5 (19... Nxd5 $6 20. Nf5 $1 $44) 20. Bxd5 Nxd5 21. Nf5 Qb8 $1 $15)
15... Re8 16. Rfe1 h6 17. h3 (17. e5 $6 Nxe5 18. Nxe5 Bxe5 19. Nxc5 Rc8 20. b4
$15) 17... Rc8 $15 18. Nb2 Nh5 19. Nc4 Bc7 20. Re2 (20. Rcd1 Qf6 21. a3 Nf4 22.
Bxf4 Qxf4 23. Qd2 Rb8 $1 $15) 20... Nf4 21. Bxf4 Bxf4 22. Rce1 Nb8 $6 (22...
Qc7 $1 23. Rd1 Re6 24. Ncd2 Rce8 $15) 23. a3 Nd7 24. g3 Bc7 25. Nh2 Ne5 $1 (
25... Rb8 26. e5 $1 Bd5 27. f4 Be6 28. Ng4 $40) 26. Nxe5 Rxe5 27. Nf3 (27. f4
$5 Rh5 28. Kg2 Qd6 29. Nf3 Re8 $13) 27... Re6 28. Bc4 Re8 29. Qd3 Qf6 30. b4 (
30. Bd5 Rb8 $1 31. Bxb7 Rxb7 32. Rc2 Ba5 33. Rd1 Bc3 $15) 30... cxb4 31. axb4
Bxg3 $1 {Nice tactical blow,causing white serious problems.} 32. fxg3 Rxc4 33.
Qxc4 Qxf3 $36 34. Rf1 (34. Qc7 Bxe4 35. Kh2 d3 36. Rd2 Re6 $17) 34... Qxg3+ 35.
Rg2 Qe3+ 36. Kh2 Re7 37. Re2 Qc3 ({Better was} 37... Rc7 $1 38. Qxc7 Qxe2+ 39.
Kg1 Bxe4 40. Qxf7+ Kh7 41. Qf2 d3 42. Qxe2 dxe2 43. Rc1 Bd3 $17 {with good
winning chanses.}) 38. Qxc3 dxc3 $15 {Now white has enough defensive resourses
to hold the game.} 39. Rc1 Rc7 40. Re3 c2 41. Re2 Rc4 42. Rcxc2 Rxb4 43. e5 Bd5
44. Rc5 Be6 45. Re3 Ra4 46. Rcc3 Ra2+ 47. Kg1 Rb2 48. Ra3 Rb6 49. Kf2 Kh7 50.
Kg3 Kg6 (50... g5 $5 51. Red3 Kg6 52. Rd6 Rb5 53. Rdxa6 Rxe5 $15) 51. Ra4 Kf5
52. Rf4+ Kg5 53. Ra4 1/2-1/2

[Event "Cuernavaca Young Masters"]
[Site "Cuernavaca"]
[Date "2006.02.11"]
[Round "9"]
[White "Bruzon Batista, Lazaro"]
[Black "Karjakin, Sergey"]
[Result "1-0"]
[WhiteElo "2650"]
[BlackElo "2660"]
[Annotator "Avrukh,B"]
[PlyCount "69"]
[EventDate "2006.02.03"]
[EventType "tourn"]
[EventRounds "9"]
[EventCountry "MEX"]
[EventCategory "16"]
[SourceTitle "CBM 112"]
[Source "ChessBase"]
[SourceDate "2006.06.07"]
[SourceVersion "1"]
[SourceVersionDate "2006.06.07"]
[SourceQuality "1"]

1. d4 Nf6 2. c4 e6 3. Nf3 b6 4. e3 Bb7 5. Bd3 d5 6. b3 Bd6 7. O-O O-O 8. Nc3 a6
9. Bb2 Nbd7 10. cxd5 {Sooner or later White has to release the pressure in the
centre by taking on d5.} (10. Rc1 Re8 11. cxd5 (11. Ne2 dxc4 12. Rxc4 b5 13.
Rc2 e5 14. dxe5 Nxe5 15. Nxe5 Bxe5 16. Bxe5 Rxe5 17. Rd2 Qe7 18. Ng3 g6 $11 {
1/2-1/2 Chatalbashev,B-Almasi,Z/Ohrid 2001/CBM 84 (28)}) 11... exd5 12. Ne2 Ne4
13. Ng3 Nxg3 14. hxg3 Nf6 15. Rc2 Ne4 16. Qc1 Qe7 $11 {1/2-1/2 Gelfand,
B-Seirawan,Y/Prague 2002/CBM 89 (21)}) 10... exd5 11. Ne2 Qe7 12. Ng3 g6 13.
Rc1 Ne4 (13... Rfe8 14. Qc2 Rac8 $6 15. Qe2 Ra8 16. Rc2 Ne4 17. Rfc1 $14 {
1/2-1/2 Gupta,A-Alekseev,E/Kochin 2004 (26)}) 14. Re1 {Preparing to double the
rooks on the c-file.} (14. Rc2 f6 15. Qe2 Rf7 16. Nh4 Nxg3 17. hxg3 Nf8 18. Re1
Bb4 19. Rec1 Bd6 20. Re1 Bb4 21. Rec1 Bd6 {1/2-1/2 Harikrishna,P-Vescovi,G/
Istanbul 2000}) 14... f5 {[%cal Gg6g4,Gf8f6,Gf6h6] In the meantime Black is
starting an attack on the position of the white king.} 15. Re2 g5 $5 16. Rec2
c6 {Otherwise White would just sacrifice an exchange on c7.} 17. Nf1 g4 ({
It was possible to sacrifice a pawn on g5, but I don't think Black can hope
for more than equality in that case.} 17... Rf6 $5 18. Bxe4 fxe4 19. Nxg5 Rg6
20. f4 exf3 21. Nxf3 Re8 $44) 18. Ne1 Rf6 $6 {I guess this natural move is
inaccuracy because White is just on time to defend everything on the kingside.
Very serious attention deserved} (18... Qg5 $5 {with the idea not to let White
to recapture with the g-pawn after 19.f4 gxf4} 19. f4 gxf3 20. Nxf3 Qh6 $36 {
[%cal Gd7f6,Gf6g4]}) 19. f4 $1 {The beginning of an excellent defensive
regrouping of the pieces.} Rh6 20. g3 $1 {[%cal Gc2g2,Gd3b1,Ge1d3,Gd3e5]} Ndf6
21. Rg2 Rh3 22. Bb1 h5 23. Nd3 {The knight is prepared to come to e5.} Qh7 ({
After} 23... Kg7 24. Ne5 Rc8 25. Bd3 $14 {Black can do nothing on the kingside,
but at least he keeps an eye on a3!}) 24. Ne5 Rc8 (24... h4 25. gxh4 $1 (25.
Rcc2 $6 {[%csl Rb1]} Rc8) 25... Qxh4 26. Nxc6 Rc8 27. Ne5 Rxc1 28. Qxc1 $14)
25. Bd3 $14 {Black's play on the kingside is in the deadlock, but Karjakin
insists on trying to create something instead of taking precautions against
the possible Bb2-c3 idea.} h4 $5 26. Rcc2 Kg7 27. gxh4 Rxh4 28. Ng3 Kf8 $6 (
28... Nxg3 29. Rxg3 Rh3 30. Rcg2 $14 Rh8 $140 $2 31. Qc2 $16 {[%csl Rc6,Rf5,
Rg4]}) 29. Bxe4 fxe4 30. Qc1 $1 {It turns out that Black is the one who should
worry about his king.} Nh5 $6 {After the move in the game there is no way back,
but also after} (30... Kg8 31. Ba3 Bxe5 32. fxe5 Nh5 33. Rcf2 $16 {it's hard
to believe Black would be able to survive.}) 31. Ba3 $18 Bxa3 (31... Ke7 32.
Nxc6+ Bxc6 33. Rxc6 Rxc6 34. Qxc6 Bxa3 35. Qc7+ $18) 32. Qxa3+ Kg8 33. Nxh5
Qxh5 34. Qe7 {Black is helpless.} Qh7 35. Qg5+ 1-0

[Event "Guillermo Garcia Memorial-A 06th"]
[Site "Santa Clara"]
[Date "1998.05.25"]
[Round "2"]
[White "Vasquez Schroder, Rodrigo Rafael"]
[Black "Rivera, Alberto"]
[Result "1-0"]
[WhiteElo "2485"]
[BlackElo "2465"]
[Annotator "Avrukh,B"]
[PlyCount "55"]
[EventDate "1998.05.24"]
[EventType "tourn"]
[EventRounds "13"]
[EventCountry "CUB"]
[EventCategory "9"]
[SourceTitle "CBM 066"]
[Source "ChessBase"]
[SourceDate "1998.09.30"]
[SourceVersion "1"]
[SourceVersionDate "1998.09.30"]
[SourceQuality "1"]

1. d4 Nf6 2. Nf3 e6 3. c4 b6 4. e3 d5 5. b3 Bb4+ 6. Nbd2 Bb7 7. Bb2 a5 8. a3
Bd6 9. Bd3 Nbd7 10. O-O Ne4 $5 (10... O-O 11. Qc2 c5 $13) 11. cxd5 exd5 12. Qc2
Qe7 13. b4 O-O (13... axb4 14. axb4 O-O 15. b5 Rxa1 16. Rxa1 Ra8 17. Rc1 $5 $14
) 14. b5 f5 15. g3 Rf6 $132 16. a4 Rh6 17. Rfc1 $6 Rf8 18. Be2 g5 {More in the
sirit of the position was} (18... Ndf6 $1 19. Nh4 $140 Bc8 20. Ndf3 Ng4 21. Rf1
Nxh2 $3 22. Nxh2 (22. Kxh2 Rxh4+ 23. Nxh4 Qxh4+ 24. Kg2 Nxg3) 22... Rxh4 23.
gxh4 Bxh2+ 24. Kxh2 (24. Kg2 Qxh4 25. Qc6 Ng5 $1) 24... Qxh4+ 25. Kg1 Qg5+ 26.
Kh1 Rf6 $19) 19. Re1 Rff6 20. Rec1 $5 (20. Rac1 $5 Rf8 (20... g4 $2 21. Nxe4
fxe4 22. Ne5 Nxe5 23. dxe5 Bxe5 24. Bxe5 Qxe5 25. Qxc7 Qf5 26. Rf1 Rf7 27. Qb8+
Kg7 28. Rc7 $18) (20... Rfg6 $5 21. Bf1 f4 $6 22. exf4 gxf4 23. Bg2 fxg3 24.
fxg3 Qg7 25. Nxe4 dxe4 26. Ne5 $14) 21. Red1 g4 22. Nxe4 $8 (22. Ne5 $2 Bxe5
23. dxe5 Nxf2 $3 24. Kxf2 Rxh2+ 25. Kf1 f4 $1 {[%csl Rf1]} 26. exf4 Rxf4+ 27.
Kg1 (27. gxf4 Qh4) (27. Ke1 Rff2) 27... Rxe2 $17) 22... fxe4 23. Ne5 Bxe5 24.
dxe5 c5 25. bxc6 Rxc6 26. Qd2 Qe6 $132) 20... g4 (20... f4 $2 21. Nxe4 dxe4 22.
Nxg5 fxg3 23. hxg3 Rfg6 (23... Rxf2 24. Bc4+ Kg7 25. Qxf2 $18) 24. Bc4+ Kf8 25.
Nf7 Bxg3 26. Nxh6 Bxf2+ 27. Kf1 $1 $18) 21. Nxe4 fxe4 22. Ne5 $8 Nxe5 23. dxe5
Bxe5 24. Bxe5 Qxe5 25. Qxc7 (25. Bxg4 $6 Rf7 $1 26. Ra3 (26. Qc3 $6 Qg5 27. h3
Rhf6 28. Ra2 h5 $36) 26... Rhf6 27. Rf1 Qg5 $132) 25... Qf5 26. Rf1 Rf7 27.
Qb8+ Rf8 $4 (27... Kg7 28. Rac1 Qd7 29. Qe5+ Rhf6 30. Rc2 $14) 28. Qxb7 1-0